Regionalliga-Teams 2024/2025 - Statistiken

Allgemein
  • Dieses Quiz wurde 112 mal gespielt
  • Das Durchschnittsergebnis liegt bei 12 aus 90
Antwortstatistiken
Hint Antwort % Korrekt
1997 Chemie Leipzig
51%
1896 Lokommotive Leipzig
49%
1900 Erfurt
44%
1900 Hallescher FC
40%
1966 Chemnitzer
33%
1966 BFC Dynamo
31%
1919 Meuselwitz
30%
1889 Viktoria Berlin
30%
1912 Zwickau
30%
1902 MSV Duisburg
27%
1903 Babelsberg
24%
1901 Kickers Offenbach
24%
1990 Plauen
24%
1919 VfB Lübeck
24%
2015 Greifswalder
23%
1912 SV Meppen
23%
1897 VfB Oldenburg
23%
1883 Altglienicke
22%
1946 Kickers Emden
21%
1899 Stuttgarter Kickers
21%
1912 TSV Havelse
21%
1904 Rot-Weiß Oberhausen
19%
1994 Eilenburg
18%
1963 Luckenwalde
18%
1954 Wuppertaler SV
18%
1903 Zehlendorf
18%
1942 1. FC Köln II
16%
1900 Borussia Mönchengladbach II
16%
1978 FC Gütersloh
16%
1904 FC Schalke 04 II
16%
2017 1. FC Düren
14%
1906 Bremer SV
14%
1921 SpVgg Bayreuth
14%
1907 Würzburger Kickers
14%
1887 Hamburger SV II
13%
1975 Türkgücü München
13%
1910 FC St. Pauli II
12%
1895 Fortuna Düsseldorf II
12%
1946 Sportfreunde Lotte
12%
1996 1. FC Nürnberg II
11%
1921 FV Illertissen
11%
1948 SC Fortuna Köln
11%
1904 SC Freiburg II
11%
2000 Türkspor Dortmund
11%
1900 1. FC Bocholt
10%
1892 Hertha Berlin II
10%
1956 SV Werder Bremen II
10%
1899 TSG 1899 Hoffenheim II
10%
1904 Viktoria Aschaffenburg
10%
1905 1. FC Schweinfurt 05
9%
1969 FC Augsburg II
9%
2000 SC Wiedenbrück
9%
1930 TSV Buchbach
9%
1929 Bahlinger SC
8%
1899 Eintracht Frankfurt II
8%
2006 FC Eintracht Bamberg
8%
1893 KSV Hessen Kassel
8%
1907 SC Paderborn 07 II
8%
1909 SpVgg Ansbach
8%
1903 SpVgg Greuther Fürth II
8%
1951 SSV Jeddeloh
8%
1977 SV Drochtersen/Assel
8%
1930 SV Wacker Burghausen
8%
1905 1. FSV Mainz 05 II
7%
1894 Blau-Weiß Lohne
7%
1908 FC 08 Homburg
7%
1970 SV Rödinghausen
7%
1921 TSV Steinbach Haiger
7%
1971 1. FC Phönix Lübeck
6%
1967 DJK Vilzing
4%
1927 FC Gießen
4%
1899 FSV Frankfurt 1899
4%
1905 KFC Uerdingen 05
4%
1966 SV Eintracht Hohkeppel
4%
1927 SV Todesfelde
4%
1847 TSV Schwaben Augsburg
4%
1903 Zeiss Jena
4%
1908 FC 08 Villingen
3%
1995 FC Astoria Walldorf
3%
1905 FC Teutonia Ottensen
3%
1965 SG Barockstadt Fulda-Lehnerz
3%
1913 SGV Freiberg
3%
1968 SpVgg Hankofen-Hailing
3%
1921 TSV Aubstadt
3%
2005 FC Bayern Munich II
2%
1908 SC Weiche Flensburg 08
2%
1948 SV Eintracht Trier 05
2%
2003 FC Eintracht Norderstedt 03
1%
1905 SV Göppingen
1%
1900 Kieler SV Holstein 1900 II
0%
Keine übereinstimmenden Quizze gefunden
Verteilung der Resultate
Anzahl Personen mit jedem Resultat
Perzentil nach korrekt beantworteten Fragen
Ihre Resultats-Entwicklung
Sie haben dieses Quiz noch nicht gespielt